Logo

Description automatically generated
विद्यार्जन
 संसाधन केंद्र, भारतीय प्रौद्योगिकी संस्थान इन्दौर
Learning Resource Center, Indian Institute of Technology Indore

ऑनलाइन सार्वजनिक अभिगम प्रसूची
Online Public Access Catalogue (OPAC)

Empire and nation : essential writings 1985-2005 (Record no. 57309)

MARC details
000 -LEADER
fixed length control field 00616nam a2200217Ia 4500
005 - DATE AND TIME OF LATEST TRANSACTION
control field 20260629163254.0
008 - FIXED-LENGTH DATA ELEMENTS--GENERAL INFORMATION
fixed length control field 260629s9999||||xx |||||||||||||| ||und||
020 ## - INTERNATIONAL STANDARD BOOK NUMBER
International Standard Book Number 8178243512
020 ## - INTERNATIONAL STANDARD BOOK NUMBER
International Standard Book Number 9788178243511
Qualifying information pbk
082 ## - DEWEY DECIMAL CLASSIFICATION NUMBER
Classification number 320.540954
Item number CHA
100 ## - MAIN ENTRY--PERSONAL NAME
Personal name Chatterjee, Partha
245 #0 - TITLE STATEMENT
Title Empire and nation : essential writings 1985-2005
260 ## - PUBLICATION, DISTRIBUTION, ETC.
Place of publication, distribution, etc. Ranikhet
Name of publisher, distributor, etc. Permanent Black
Date of publication, distribution, etc. 2012
300 ## - PHYSICAL DESCRIPTION
Extent viii, 368p. ; 21cm.
653 ## - INDEX TERM--UNCONTROLLED
Uncontrolled term India—Politics and government
653 ## - INDEX TERM--UNCONTROLLED
Uncontrolled term Nationalism
653 ## - INDEX TERM--UNCONTROLLED
Uncontrolled term Political sociology
653 ## - INDEX TERM--UNCONTROLLED
Uncontrolled term Postcolonialism
653 ## - INDEX TERM--UNCONTROLLED
Uncontrolled term South Asia—History
942 ## - ADDED ENTRY ELEMENTS (KOHA)
Koha item type Book
Holdings
Withdrawn status Lost status Damaged status Not for loan Home library Current library Shelving location Date acquired Source of acquisition Total Checkouts Full call number Barcode Date last seen Price effective from Koha item type
        LRC, IIT Indore LRC, IIT Indore 3rd Floor - General Stack 29/06/2026 Gratis Book Price: INR 395.00   320.540954 CHA G2534 29/06/2026 29/06/2026 Book
Copyright © 2017-2026 Indian Institute of Technology Indore. All Rights Reserved.
Managed & maintained by Learning Resource Center, IIT Indore